000
00303nam a2200121Ia 4500
008
190216s9999||||xx |||||||||||||| ||und||
100
_a
Soban Pal Sumnakshar. Dr.
245
0
_a
Hindi- Dalit Sahitya
260
_b
Bharatiya Dalit Sahitya Acadamy
_c
2002
300
_a
2002
650
_a
Hindi
942
_c
BK
999
_c
16145
_d
16145